[Event "Titled Tuesday intern op 23rd Apr Late"]
[Site "Chess.com INT"]
[Date "2024.04.23"]
[Round "4"]
[White "Lutz, Igor Oscar"]
[Black "Fernandez Hernandez, Gerardo"]
[Result "0-1"]
[WhiteElo "1971"]
[BlackElo "2161"]
[PlyCount "92"]
[EventDate "2024.04.23"]
[EventType "swiss (blitz)"]
[EventRounds "11"]
[EventCountry "USA"]
[SourceTitle "CB18_2024"]
[SourceDate "2024.05.01"]
[SourceVersion "1"]
[SourceVersionDate "2024.05.01"]
[SourceQuality "2"]

1. d4 Nf6 2. c4 c5 3. d5 b5 4. cxb5 a6 5. b6 d6 6. Nc3 Nbd7 7. Nf3 Nxb6 8. e4 g6 9. a4 Rb8 10. a5 Na8 11. Bc4 Nc7 12. 0-0 Bg7 13. Qc2 0-0 14. Na4 Bg4 15. Be2 Bxf3 16. Bxf3 Nb5 17. Nb6 Nd4 18. Qd3 Nd7 19. Nxd7 Qxd7 20. Bd1 Qb5 21. Qxb5 Rxb5 22. Ra3 Rfb8 23. Re1 Kf8 24. g3 h5 25. Kg2 Nb3 26. Bg5 Nxa5 27. Be2 c4 28. Rf3 Bxb2 29. Rb1 Bd4 30. Rxb5 axb5 31. Bh6+ Kg8 32. Bd2 b4 33. Bc1 c3 34. Rd3 Bg7 35. f4 Nb3 36. Be3 Nc5 37. Rd1 Nxe4 38. Bf3 Nc5 39. Bxc5 dxc5 40. d6 exd6 41. Rxd6 c2 42. Bd5 c1Q 43. Rd7 Qb2+ 44. Kh3 Qf6 45. Rxf7 Qxf7 46. Bxf7+ Kxf7 0-1

[Event "Titled Tuesday intern op 16th Apr Late"]
[Site "Chess.com INT"]
[Date "2024.04.16"]
[Round "11"]
[White "Antunes, Luciano Justi"]
[Black "Lutz, Igor Oscar"]
[Result "1-0"]
[WhiteElo "2045"]
[BlackElo "1971"]
[PlyCount "61"]
[EventDate "2024.04.16"]
[EventType "swiss (blitz)"]
[EventRounds "11"]
[EventCountry "USA"]
[SourceTitle "CB17_2024"]
[SourceDate "2024.04.24"]
[SourceVersion "1"]
[SourceVersionDate "2024.04.24"]
[SourceQuality "1"]

1. e4 c5 2. Nf3 Nc6 3. Bb5 d6 4. Bxc6+ bxc6 5. 0-0 e5 6. d3 Bg4 7. h3 Bxf3 8. Qxf3 Nf6 9. Bg5 Be7 10. Bxf6 Bxf6 11. Nd2 0-0 12. Nc4 Rb8 13. b3 Re8 14. Ne3 g6 15. a4 Bg7 16. Ng4 h5 17. Nh2 Qf6 18. Qg3 d5 19. Rae1 Rb4 20. Qe3 c4 21. exd5 cxb3 22. Qc5 Reb8 23. dxc6 bxc2 24. Qxc2 Rc8 25. Rc1 Rb6 26. Qa2 Rbxc6 27. Rxc6 Rxc6 28. Nf3 Qd6 29. Qb3 Qc7 30. Ng5 Rc1 31. Ne4 1-0

[Event "Titled Tuesday intern op 16th Apr Late"]
[Site "Chess.com INT"]
[Date "2024.04.16"]
[Round "6"]
[White "Lutz, Igor Oscar"]
[Black "Sevian, Samuel"]
[Result "0-1"]
[WhiteElo "1971"]
[BlackElo "2698"]
[PlyCount "42"]
[EventDate "2024.04.16"]
[EventType "swiss (blitz)"]
[EventRounds "11"]
[EventCountry "USA"]
[SourceTitle "CB17_2024"]
[SourceDate "2024.04.24"]
[SourceVersion "1"]
[SourceVersionDate "2024.04.24"]
[SourceQuality "1"]

1. d4 Nf6 2. c4 e5 3. dxe5 Ng4 4. Nf3 Bc5 5. e3 Nc6 6. Nc3 0-0 7. a3 a5 8. b3 Ngxe5 9. Be2 Re8 10. Nxe5 Nxe5 11. Bb2 Ra6 12. Ne4 Ba7 13. Qd5 Rh6 14. Bxe5 c6 15. Qd2 Rxe5 16. Bf3 d5 17. cxd5 Rxd5 18. Qc2 Bf5 19. Qc3 Bb8 20. Rd1 Rxd1+ 21. Bxd1 Bxe4 0-1

[Event "Titled Tuesday intern op 16th Apr Late"]
[Site "Chess.com INT"]
[Date "2024.04.16"]
[Round "5"]
[White "Rohwer, Paul"]
[Black "Lutz, Igor Oscar"]
[Result "1/2-1/2"]
[WhiteElo "2225"]
[BlackElo "1971"]
[PlyCount "90"]
[EventDate "2024.04.16"]
[EventType "swiss (blitz)"]
[EventRounds "11"]
[EventCountry "USA"]
[SourceTitle "CB17_2024"]
[SourceDate "2024.04.24"]
[SourceVersion "1"]
[SourceVersionDate "2024.04.24"]
[SourceQuality "1"]

1. e4 c5 2. Be2 Nc6 3. f4 d5 4. e5 d4 5. Nf3 Qc7 6. 0-0 b6 7. c3 dxc3 8. bxc3 Bb7 9. d4 cxd4 10. cxd4 e6 11. Kh1 Rd8 12. Nc3 Nh6 13. Nb5 Qb8 14. Qa4 a6 15. Nc3 Nf5 16. Rd1 Bb4 17. Bb2 0-0 18. d5 Bxc3 19. Bxc3 exd5 20. Bd3 Ne3 21. Re1 Ng4 22. f5 Nf2+ 23. Kg1 Nxd3 24. Red1 Ndxe5 25. f6 Nxf3+ 26. gxf3 Qd6 27. Qg4 g6 28. Qg5 Qc5+ 29. Kh1 Qxc3 30. Rac1 Qxf3+ 31. Kg1 Qf5 32. Qh4 h5 33. h3 Rd6 34. Rf1 Qe4 35. Rce1 Qxh4 36. Kh2 Rxf6 37. Rg1 Rf2+ 38. Rg2 Rxg2+ 39. Kxg2 Qe4+ 40. Kh2 Qxe1 41. Kg2 Qd2+ 42. Kg3 Qxa2 43. Kh4 Qb3 44. Kg5 Qxh3 45. Kh6 Qg4 1/2-1/2

[Event "Titled Tuesday intern op 02nd Apr Late"]
[Site "Chess.com INT"]
[Date "2024.04.02"]
[Round "10"]
[White "Diaz Rosas, Julio Cesar"]
[Black "Lutz, Igor Oscar"]
[Result "1-0"]
[WhiteElo "2404"]
[BlackElo "1971"]
[PlyCount "55"]
[EventDate "2024.04.02"]
[EventType "swiss (blitz)"]
[EventRounds "11"]
[EventCountry "USA"]
[SourceTitle "CB15_2024"]
[SourceDate "2024.04.10"]
[SourceVersion "1"]
[SourceVersionDate "2024.04.10"]
[SourceQuality "1"]

1. c4 e6 2. Nc3 d5 3. Nf3 dxc4 4. e3 Nf6 5. Bxc4 Be7 6. b3 0-0 7. Bb2 c5 8. g4 Nc6 9. g5 Nd7 10. Rg1 a6 11. Ne4 b5 12. Bd3 Nb4 13. Bb1 c4 14. Nd4 Nd3+ 15. Bxd3 cxd3 16. Qh5 e5 17. Nc6 Qe8 18. Nxe7+ Qxe7 19. f4 g6 20. Qh6 f6 21. Rc1 Bb7 22. gxf6 Nxf6 23. Nxf6+ Qxf6 24. Bxe5 Qf7 25. Rc7 Rac8 26. Rxg6+ Qxg6 27. Rg7+ Kh8 28. Rxg6+ 1-0

[Event "Titled Tuesday intern op 02nd Apr Late"]
[Site "Chess.com INT"]
[Date "2024.04.02"]
[Round "5"]
[White "Lutz, Igor Oscar"]
[Black "Freile Martin, Javier"]
[Result "0-1"]
[WhiteElo "1971"]
[BlackElo "2329"]
[PlyCount "90"]
[EventDate "2024.04.02"]
[EventType "swiss (blitz)"]
[EventRounds "11"]
[EventCountry "USA"]
[SourceTitle "CB15_2024"]
[SourceDate "2024.04.10"]
[SourceVersion "1"]
[SourceVersionDate "2024.04.10"]
[SourceQuality "1"]

1. d4 Nf6 2. c4 g6 3. Nc3 Bg7 4. e4 d6 5. Nf3 0-0 6. Be2 e5 7. Be3 exd4 8. Nxd4 Re8 9. f3 c6 10. 0-0 d5 11. cxd5 Nxd5 12. Bf2 Nf4 13. Bc4 Nd7 14. Nde2 Nxe2+ 15. Qxe2 Ne5 16. Bb3 a5 17. Rad1 Qe7 18. Na4 b5 19. Nb6 Rb8 20. Nxc8 Rbxc8 21. a3 a4 22. Ba2 h5 23. Rc1 h4 24. Bc5 Qf6 25. f4 Nc4 26. Bxc4 bxc4 27. e5 Qe6 28. Qxc4 Qg4 29. Bd6 h3 30. g3 Re6 31. Rf2 Rd8 32. Qe2 Qxe2 33. Rxe2 Rdxd6 34. exd6 Rxe2 35. d7 Rd2 36. Rxc6 Rxd7 37. Rc4 Rd2 38. Rxa4 Rxb2 39. Ra8+ Kh7 40. a4 f5 41. a5 Bd4+ 42. Kf1 Rxh2 43. a6 Ra2 44. Ke1 h2 45. Ra7+ Bxa7 0-1

[Event "Titled Tuesday intern op 02nd Apr Late"]
[Site "Chess.com INT"]
[Date "2024.04.02"]
[Round "11"]
[White "Lutz, Igor Oscar"]
[Black "Mirzanurov, Bulat"]
[Result "0-1"]
[WhiteElo "1971"]
[BlackElo "2232"]
[PlyCount "68"]
[EventDate "2024.04.02"]
[EventType "swiss (blitz)"]
[EventRounds "11"]
[EventCountry "USA"]
[SourceTitle "CB15_2024"]
[SourceDate "2024.04.10"]
[SourceVersion "1"]
[SourceVersionDate "2024.04.10"]
[SourceQuality "1"]

1. d4 d5 2. c4 dxc4 3. Qa4+ Nc6 4. Nf3 e5 5. dxe5 Bb4+ 6. Bd2 a5 7. e3 Bd7 8. Qc2 b5 9. a3 Bxd2+ 10. Nbxd2 Nge7 11. Be2 a4 12. 0-0 0-0 13. Rad1 Ng6 14. Ne4 Qc8 15. Nc5 Bf5 16. e4 Bg4 17. h3 Bxf3 18. Bxf3 Ngxe5 19. Be2 Rd8 20. f4 Ng6 21. e5 Nd4 22. Qe4 Nxe2+ 23. Qxe2 Qb8 24. e6 Qb6 25. Qf2 fxe6 26. Nxe6 Qxe6 27. Rde1 Qf6 28. g3 Rd3 29. Qc5 Rxg3+ 30. Kh2 Rb3 31. Qd5+ Qf7 32. Qxa8+ Nf8 33. Re8 Rxb2+ 34. Kg3 Qg6+ 0-1

[Event "Titled Tuesday intern op 27th Feb Late"]
[Site "Chess.com INT"]
[Date "2024.02.27"]
[Round "5"]
[White "Lutz, Igor Oscar"]
[Black "Guzman Lozano, Campo Elias"]
[Result "0-1"]
[WhiteElo "1951"]
[BlackElo "1837"]
[PlyCount "90"]
[EventDate "2024.02.27"]
[EventType "swiss (blitz)"]
[EventRounds "11"]
[EventCountry "USA"]
[SourceTitle "CB10_2024"]
[SourceDate "2024.03.06"]
[SourceVersion "1"]
[SourceVersionDate "2024.03.06"]
[SourceQuality "1"]

1. d4 Nf6 2. c4 e6 3. g3 d5 4. Nf3 c6 5. Qc2 Nbd7 6. Bg2 Be7 7. 0-0 0-0 8. Nbd2 a5 9. e4 dxe4 10. Nxe4 Nxe4 11. Qxe4 Nf6 12. Qc2 Bd7 13. c5 b5 14. Ne5 Rc8 15. Bg5 Nd5 16. Bxe7 Qxe7 17. h4 Be8 18. Rfe1 f6 19. Nf3 Bg6 20. Qe2 Rfe8 21. g4 Qd7 22. h5 Nf4 23. Qe3 Nxg2 24. Kxg2 Bf7 25. h6 Qd5 26. hxg7 Kxg7 27. Rh1 h5 28. gxh5 Bxh5 29. Rag1 Kf7 30. Rh3 Rg8+ 31. Kf1 Qc4+ 32. Ke1 Rxg1+ 33. Nxg1 Bg6 34. Ne2 Qxa2 35. Rf3 Qxb2 36. Nf4 Qb1+ 37. Ke2 Qc2+ 38. Kf1 Bf5 39. Ne2 Qd1+ 40. Kg2 Rg8+ 41. Rg3 Rxg3+ 42. Nxg3 Qd3 43. Nxf5 Qxf5 44. Qh3 Qxh3+ 45. Kxh3 a4 0-1

[Event "Titled Tuesday intern op 06th Feb Late"]
[Site "Chess.com INT"]
[Date "2024.02.06"]
[Round "4"]
[White "Lutz, Igor Oscar"]
[Black "Lenoir Ibacache, Gabriel Alberto"]
[Result "1-0"]
[WhiteElo "1951"]
[BlackElo "2225"]
[PlyCount "93"]
[EventDate "2024.02.06"]
[EventType "swiss (blitz)"]
[EventRounds "11"]
[EventCountry "USA"]
[SourceTitle "CB07_2024"]
[SourceDate "2024.02.14"]
[SourceVersion "1"]
[SourceVersionDate "2024.02.14"]
[SourceQuality "1"]

1. d4 d5 2. c4 e6 3. Nf3 Nf6 4. g3 Be7 5. Qc2 0-0 6. Bg2 dxc4 7. Qxc4 a6 8. 0-0 b5 9. Qc2 Bb7 10. Nc3 c5 11. dxc5 Bxc5 12. Rd1 Qb6 13. e3 Nc6 14. a3 a5 15. Bd2 Rad8 16. Be1 h6 17. Rxd8 Rxd8 18. Rd1 Rxd1 19. Qxd1 Ne7 20. Ne5 Bxg2 21. Kxg2 Bd6 22. Nd3 b4 23. Na4 Qc6+ 24. f3 Nf5 25. Bf2 bxa3 26. bxa3 Bxa3 27. e4 Ne7 28. Nac5 Nd7 29. Nb3 a4 30. Nd4 Qc3 31. Qc2 Qxc2 32. Nxc2 Bd6 33. Ndb4 Nc5 34. Na2 Nd3 35. Bd4 e5 36. Bc3 Bc5 37. Kf1 Nc6 38. Ke2 Bg1 39. Kxd3 Bxh2 40. g4 g6 41. Ne3 h5 42. gxh5 gxh5 43. Nc4 Bg3 44. Nd6 h4 45. Nf5 Bf2 46. Bd2 h3 47. Be3 1-0

[Event "Florianopolis op 10th"]
[Site "Florianopolis"]
[Date "2024.01.24"]
[Round "6"]
[White "Lutz, Igor Oscar"]
[Black "Silva, Juliana Figueira Th"]
[Result "1/2-1/2"]
[WhiteElo "1947"]
[BlackElo "1747"]
[PlyCount "132"]
[EventDate "2024.01.20"]
[EventType "swiss"]
[EventRounds "10"]
[EventCountry "BRA"]
[SourceTitle "CB05_2024"]
[SourceDate "2024.01.31"]
[SourceVersion "1"]
[SourceVersionDate "2024.01.31"]
[SourceQuality "1"]

1. d4 Nf6 2. c4 g6 3. Nc3 Bg7 4. e4 d6 5. Be2 0-0 6. Be3 e5 7. d5 Na6 8. h4 h5 9. f3 Bd7 10. g4 Qc8 11. g5 Ne8 12. Qd2 c6 13. Rc1 Kh7 14. a3 Nac7 15. b4 Qd8 16. Nh3 Bxh3 17. Rxh3 f5 18. gxf6 Bxf6 19. Bg5 Bxg5 20. hxg5 Rf4 21. Rg3 Rh4 22. Bf1 Qd7 23. Qf2 Rf4 24. Bh3 Qe7 25. Ne2 Rf7 26. Rg1 Ng7 27. Qe3 Raf8 28. Bg2 a6 29. Kd2 Qd7 30. Rh1 Rb8 31. Bh3 Qe8 32. Ng3 Kg8 33. Bg2 b5 34. cxb5 cxd5 35. exd5 Nxd5 36. Qe4 Nf4 37. Bf1 axb5 38. Qc6 Nfe6 39. Ne4 Qxc6 40. Rxc6 Ne8 41. Nf6+ Nxf6 42. gxf6 Rxf6 43. Rxd6 Kg7 44. Bd3 Nd4 45. Rd7+ Rf7 46. Rxf7+ Kxf7 47. Ke3 Kf6 48. f4 Nf5+ 49. Kf3 exf4 50. Kxf4 g5+ 51. Kf3 Nh4+ 52. Kg3 Ke5 53. Rf1 Kd4 54. Be2 Ke4 55. Bxh5 Nf5+ 56. Kf2 Rf8 57. Bg6 Rf6 58. Re1+ Kf4 59. Be8 Nd4 60. Rc1 Ke4+ 61. Kg2 Kf4 62. Rf1+ Ke5 63. Rxf6 Kxf6 64. Kg3 Nf5+ 65. Kg4 Ne3+ 66. Kg3 Nc2 1/2-1/2

[Event "Titled Tuesday intern op 16th Jan Late"]
[Site "Chess.com INT"]
[Date "2024.01.16"]
[Round "3"]
[White "Lutz, Igor Oscar"]
[Black "Espinoza Villanueva, Rodrigo"]
[Result "1/2-1/2"]
[WhiteElo "1947"]
[BlackElo "1928"]
[PlyCount "153"]
[EventDate "2024.01.16"]
[EventType "swiss (blitz)"]
[EventRounds "11"]
[EventCountry "USA"]
[SourceTitle "CB04_2024"]
[SourceDate "2023.10.16"]
[SourceVersion "1"]
[SourceVersionDate "2023.10.16"]
[SourceQuality "1"]

1. d4 Nf6 2. c4 g6 3. Nc3 Bg7 4. e4 d6 5. Nf3 0-0 6. Be2 Nbd7 7. Be3 e5 8. d5 Ng4 9. Bg5 f6 10. Bc1 f5 11. h3 Ngf6 12. Qc2 fxe4 13. Nxe4 Nxe4 14. Qxe4 Nc5 15. Qh4 Qxh4 16. Nxh4 e4 17. 0-0 Bd7 18. g4 a5 19. Rb1 a4 20. Be3 b6 21. Ng2 Be5 22. Rfd1 Kg7 23. Bd4 Rae8 24. Bxe5+ Rxe5 25. Ne3 Re7 26. b4 axb3 27. axb3 Bc8 28. b4 Nd7 29. Ra1 Ne5 30. Ra8 Ref7 31. Rf1 Nf3+ 32. Bxf3 Rxf3 33. Kg2 h5 34. Ra7 R8f7 35. Ra8 Bd7 36. Ra7 hxg4 37. hxg4 Bc8 38. Ra8 Rf8 39. Ra7 R3f7 40. g5 Kg8 41. Kg3 Rf3+ 42. Kg2 Bh3+ 43. Kg1 Bxf1 44. Nxf1 Rxf2 45. Ng3 R2f4 46. Rxc7 e3 47. Re7 Rf3 48. Ne2 R8f7 49. Re8+ Kg7 50. Nd4 Rg3+ 51. Kh2 Rxg5 52. Ne6+ Kf6 53. Nxg5 Kxg5 54. Rxe3 Rf4 55. Rg3+ Kf5 56. Rc3 Ke5 57. c5 dxc5 58. bxc5 bxc5 59. Rxc5 Rf6 60. Rb5 Kd6 61. Kg3 Rf5 62. Rb6+ Kxd5 63. Rxg6 Ke4 64. Rg4+ Ke3 65. Kg2 Rf2+ 66. Kg3 Rf5 67. Rg8 Rf6 68. Kg4 Ke4 69. Kg5 Rf2 70. Re8+ Kd5 71. Rd8+ Ke6 72. Re8+ Kf7 73. Re3 Rg2+ 74. Kf4 Rf2+ 75. Ke4 Rf6 76. Rf3 Rxf3 77. Kxf3 1/2-1/2

[Event "Titled Tuesday intern op 16th Jan Late"]
[Site "Chess.com INT"]
[Date "2024.01.16"]
[Round "11"]
[White "Lutz, Igor Oscar"]
[Black "Uzuner, Tufan Can"]
[Result "0-1"]
[WhiteElo "1947"]
[BlackElo "1825"]
[PlyCount "120"]
[EventDate "2024.01.16"]
[EventType "swiss (blitz)"]
[EventRounds "11"]
[EventCountry "USA"]
[SourceTitle "CB04_2024"]
[SourceDate "2023.10.16"]
[SourceVersion "1"]
[SourceVersionDate "2023.10.16"]
[SourceQuality "1"]

1. d4 d5 2. c4 c6 3. Nf3 Nf6 4. Qc2 g6 5. g3 Bf5 6. Qb3 Qb6 7. c5 Qc7 8. Bf4 Qc8 9. Bg2 Bg7 10. Nc3 0-0 11. 0-0 Nbd7 12. Qd1 a5 13. b3 Ne4 14. Nxe4 Bxe4 15. a3 Bxf3 16. Bxf3 e5 17. dxe5 Nxe5 18. Bxe5 Bxe5 19. Rb1 Re8 20. Qd3 Qe6 21. b4 a4 22. e3 f5 23. Bg2 Qe7 24. Rfe1 Qg7 25. Re2 Bc3 26. Rc2 Be5 27. f3 d4 28. exd4 Bxd4+ 29. Kf1 Re3 30. Qc4+ Kh8 31. Re2 Rae8 32. Rbe1 Rxe2 33. Rxe2 Rxe2 34. Kxe2 Qe7+ 35. Kd1 Qe3 36. Qe2 Qb3+ 37. Qc2 Qxa3 38. f4 Qe3 39. Bf1 a3 40. Bc4 Qg1+ 41. Kd2 Qxh2+ 42. Kc1 Qxc2+ 43. Kxc2 Bf2 44. Kb3 Bxg3 45. Kxa3 Bxf4 46. Ka4 Kg7 47. Ka5 Bc7+ 48. Ka4 Kf6 49. b5 cxb5+ 50. Kxb5 Ke5 51. c6 bxc6+ 52. Kxc6 Ba5 53. Kd7 f4 54. Bb5 h5 55. Ke7 g5 56. Kf7 h4 57. Kg6 g4 58. Kg5 g3 59. Bc6 h3 60. Kg4 g2 0-1

[Event "Titled Tuesday intern op 16th Jan Late"]
[Site "Chess.com INT"]
[Date "2024.01.16"]
[Round "9"]
[White "Lutz, Igor Oscar"]
[Black "Veloso, Henrique Barbosa"]
[Result "0-1"]
[WhiteElo "1947"]
[BlackElo "2029"]
[PlyCount "104"]
[EventDate "2024.01.16"]
[EventType "swiss (blitz)"]
[EventRounds "11"]
[EventCountry "USA"]
[SourceTitle "CB04_2024"]
[SourceDate "2023.10.16"]
[SourceVersion "1"]
[SourceVersionDate "2023.10.16"]
[SourceQuality "1"]

1. d4 Nf6 2. c4 e6 3. g3 d5 4. Nf3 dxc4 5. Qa4+ Bd7 6. Qxc4 Bc6 7. Bg2 Nbd7 8. 0-0 Be7 9. Nc3 0-0 10. Bf4 Nb6 11. Qb3 h6 12. Rad1 a5 13. Rfe1 a4 14. Qc2 Nbd5 15. Bc1 Nb4 16. Qb1 Nbd5 17. e4 Nxc3 18. bxc3 Nxe4 19. Rxe4 Bxe4 20. Qxe4 c6 21. Qg4 Kh8 22. Ne5 Bf6 23. Ba3 Be7 24. Bc1 Bf6 25. Bxh6 gxh6 26. Qh5 Kg7 27. Ng4 Rh8 28. Be4 Ra5 29. Qh3 Rg5 30. Rd3 Be7 31. Rf3 f5 32. Ne5 Bf6 33. Bc2 Bxe5 34. dxe5 Qd2 35. Bxa4 Qe1+ 36. Kg2 Qe4 37. Bd1 Qxe5 38. Rd3 Qf6 39. Rd7+ Kg6 40. Bc2 Rd8 41. Rxd8 Qxd8 42. Qh4 Qd5+ 43. f3 Qd2+ 44. Kh3 Qxc2 45. f4 Rg4 46. Qe7 Qe4 47. Qe8+ Kg7 48. Qe7+ Kh8 49. Qf8+ Kh7 50. Qf7+ Rg7 51. Qf6 Qf3 52. Qh4 Qf1# 0-1

[Event "Titled Tuesday intern op 24th Oct Late"]
[Site "Chess.com INT"]
[Date "2023.10.24"]
[Round "11"]
[White "Lutz, Igor Oscar"]
[Black "Mateos Rozas, Miguel Angel"]
[Result "0-1"]
[WhiteElo "1947"]
[BlackElo "2213"]
[PlyCount "62"]
[EventDate "2023.10.24"]
[EventType "swiss (blitz)"]
[EventRounds "11"]
[EventCountry "USA"]
[SourceTitle "Mega2024 Update 01"]
[Source "Chessbase"]
[SourceDate "2023.11.12"]
[SourceVersion "1"]
[SourceVersionDate "2023.11.12"]
[SourceQuality "1"]

1. d4 d5 2. c4 e6 3. Nf3 Nf6 4. g3 Bd6 5. Bg2 c6 6. 0-0 Nbd7 7. Nbd2 0-0 8. Qc2 e5 9. dxe5 Nxe5 10. cxd5 Nxd5 11. e4 Nb4 12. Qb1 Nbd3 13. Nxe5 Bxe5 14. Nc4 Nxc1 15. Qxc1 Bc7 16. Rd1 Qe7 17. Qc2 Be6 18. Ne3 Rfd8 19. Rxd8+ Rxd8 20. Rd1 Bb6 21. Nf5 Qb4 22. Rxd8+ Bxd8 23. Qc3 Qxc3 24. bxc3 Bxa2 25. Nd6 Bf6 26. Nxb7 Bxc3 27. Nc5 Bd4 28. Nd7 a5 29. Kf1 a4 30. Ke1 Bb3 31. e5 a3 0-1

[Event "Titled Tuesday intern op 24th Oct Late"]
[Site "Chess.com INT"]
[Date "2023.10.24"]
[Round "9"]
[White "Lutz, Igor Oscar"]
[Black "Mesquita, Eduardo Barbosa"]
[Result "0-1"]
[WhiteElo "1947"]
[BlackElo "1979"]
[PlyCount "74"]
[EventDate "2023.10.24"]
[EventType "swiss (blitz)"]
[EventRounds "11"]
[EventCountry "USA"]
[SourceTitle "Mega2024 Update 01"]
[Source "Chessbase"]
[SourceDate "2023.11.12"]
[SourceVersion "1"]
[SourceVersionDate "2023.11.12"]
[SourceQuality "1"]

1. d4 d5 2. c4 dxc4 3. Nf3 Nf6 4. g3 e6 5. Bg2 Bb4+ 6. Bd2 Be7 7. 0-0 0-0 8. Qc2 b5 9. a4 c6 10. Ne5 Nd5 11. e4 Nb6 12. a5 Na4 13. Be3 Qxa5 14. b3 cxb3 15. Qxb3 Bb7 16. Nd3 Nd7 17. e5 Qc7 18. Rc1 a6 19. Nd2 Rfd8 20. Ne4 h6 21. Ndc5 Ndxc5 22. Nxc5 Nxc5 23. dxc5 Qxe5 24. Bf4 Qf5 25. Re1 Bf6 26. Be4 Qxc5 27. Rac1 Qb6 28. Be3 Qc7 29. Bf4 e5 30. Be3 Rac8 31. Bf5 Rb8 32. Red1 Rxd1+ 33. Rxd1 Rd8 34. Rc1 Qd6 35. Be4 Bg5 36. Bc5 Qd7 37. Rd1 Qxd1+ 0-1

[Event "Titled Tuesday intern op 24th Oct Late"]
[Site "Chess.com INT"]
[Date "2023.10.24"]
[Round "10"]
[White "Romero Ruscalleda, Josep"]
[Black "Lutz, Igor Oscar"]
[Result "1-0"]
[WhiteElo "2160"]
[BlackElo "1947"]
[PlyCount "59"]
[EventDate "2023.10.24"]
[EventType "swiss (blitz)"]
[EventRounds "11"]
[EventCountry "USA"]
[SourceTitle "Mega2024 Update 01"]
[Source "Chessbase"]
[SourceDate "2023.11.12"]
[SourceVersion "1"]
[SourceVersionDate "2023.11.12"]
[SourceQuality "1"]

1. e4 c5 2. c3 Nf6 3. e5 Nd5 4. Nf3 d6 5. Bc4 dxe5 6. Nxe5 Nc6 7. Nxf7 Kxf7 8. Qf3+ Ke8 9. Bxd5 e6 10. Bxc6+ bxc6 11. Qxc6+ Bd7 12. Qf3 Be7 13. 0-0 Rf8 14. Qh5+ g6 15. Qxh7 g5 16. Qg6+ Rf7 17. d4 Qb6 18. dxc5 Qxc5 19. Be3 Qb5 20. b3 Kf8 21. Nd2 Rg7 22. Qe4 Bc6 23. Qxe6 Rd8 24. c4 Qb7 25. f3 Rd6 26. Qe5 Qd7 27. Ne4 Re6 28. Qb8+ Bd8 29. Nc5 Qe7 30. Nxe6+ 1-0

[Event "Titled Tuesday intern op 12th Sep Late"]
[Site "Chess.com INT"]
[Date "2023.09.12"]
[Round "11"]
[White "Lutz, Igor Oscar"]
[Black "Payne, Matthew"]
[Result "0-1"]
[WhiteElo "1947"]
[BlackElo "2074"]
[PlyCount "66"]
[EventDate "2023.09.12"]
[EventType "swiss (blitz)"]
[EventRounds "11"]
[EventCountry "USA"]
[SourceTitle "EXT 2024"]
[Source "ChessBase"]
[SourceDate "2023.10.10"]
[SourceVersion "1"]
[SourceVersionDate "2023.10.10"]
[SourceQuality "1"]

1. d4 Nf6 2. c4 g6 3. Nc3 Bg7 4. e4 d6 5. Nf3 0-0 6. Be2 Nbd7 7. Be3 e5 8. d5 Qe7 9. b4 a5 10. a3 Ng4 11. Bg5 f6 12. Bd2 f5 13. h3 Ngf6 14. Ng5 Nb6 15. Be3 f4 16. Bxb6 cxb6 17. Nf3 Bd7 18. Qb3 h6 19. c5 bxc5 20. bxc5 Rfc8 21. c6 bxc6 22. dxc6+ Be6 23. Qb7 Ra7 24. Qxe7 Rxe7 25. Nb5 Rxc6 26. 0-0 Nxe4 27. Rfd1 d5 28. Nh4 g5 29. Ng6 Rb7 30. a4 Kf7 31. Rac1 Rxc1 32. Rxc1 Kxg6 33. Nd6 Nxd6 0-1

[Event "Titled Tuesday intern op 12th Sep Late"]
[Site "Chess.com INT"]
[Date "2023.09.12"]
[Round "6"]
[White "Lutz, Igor Oscar"]
[Black "Zampronha, Wladimir Camilo"]
[Result "0-1"]
[WhiteElo "1947"]
[BlackElo "2170"]
[PlyCount "114"]
[EventDate "2023.09.12"]
[EventType "swiss (blitz)"]
[EventRounds "11"]
[EventCountry "USA"]
[SourceTitle "EXT 2024"]
[Source "ChessBase"]
[SourceDate "2023.10.10"]
[SourceVersion "1"]
[SourceVersionDate "2023.10.10"]
[SourceQuality "1"]

1. d4 Nf6 2. c4 e6 3. g3 d5 4. Bg2 Be7 5. Nf3 0-0 6. 0-0 b6 7. Qc2 Ba6 8. Rd1 Bxc4 9. Ne5 Ba6 10. Bf4 Bb7 11. Nc3 c6 12. e4 c5 13. exd5 exd5 14. dxc5 bxc5 15. Nxd5 Nxd5 16. Rxd5 Bxd5 17. Rd1 Bxg2 18. Rxd8 Rxd8 19. Kxg2 Na6 20. Qe4 Bf6 21. Nc6 Re8 22. Qc4 Nb4 23. Nxb4 cxb4 24. Qxb4 a5 25. Qa3 a4 26. b3 axb3 27. Qxb3 Ra6 28. a3 Rea8 29. Be3 Be7 30. Qb7 Bxa3 31. Bd4 Bf8 32. Qd7 Ra2 33. h4 R8a6 34. Qd8 Rd2 35. Qc8 Rd6 36. Bc5 Rd8 37. Qc6 Bxc5 38. Qxc5 g6 39. Qe3 h5 40. Qg5 R2d5 41. Qf6 R8d6 42. Qf3 Kg7 43. Qc3+ Kh7 44. Qc8 Rf6 45. Qf8 Rd2 46. Qc5 Rdxf2+ 47. Qxf2 Rxf2+ 48. Kxf2 Kg7 49. Kf3 Kf6 50. Kf4 Kg7 51. Kg5 f6+ 52. Kf4 Kf7 53. Ke4 Ke6 54. Kf4 Kd5 55. g4 hxg4 56. Kxg4 Ke5 57. h5 gxh5+ 0-1

[Event "Titled Tuesday intern op 25th Jul Late"]
[Site "Chess.com INT"]
[Date "2023.07.25"]
[Round "11"]
[White "Clawitter, Craig"]
[Black "Lutz, Igor Oscar"]
[Result "1-0"]
[WhiteElo "2050"]
[BlackElo "1947"]
[PlyCount "37"]
[EventDate "2023.07.25"]
[EventType "swiss (blitz)"]
[EventRounds "11"]
[EventCountry "USA"]
[SourceTitle "EXT 2024"]
[Source "ChessBase"]
[SourceDate "2023.10.10"]
[SourceVersion "1"]
[SourceVersionDate "2023.10.10"]
[SourceQuality "1"]

1. c4 Nf6 2. Nf3 c6 3. d4 d5 4. Nc3 e6 5. Bg5 h6 6. Bh4 Be7 7. e3 0-0 8. Be2 dxc4 9. a4 Nbd7 10. 0-0 Qc7 11. Nd2 e5 12. Nxc4 exd4 13. Bg3 Qd8 14. Qxd4 Bc5 15. Qd2 Nb6 16. Rfd1 Nxc4 17. Qxd8 Rxd8 18. Rxd8+ Kh7 19. Bxc4 1-0

[Event "Titled Tuesday intern op 25th Jul Late"]
[Site "Chess.com INT"]
[Date "2023.07.25"]
[Round "1"]
[White "Cnejev, Vladimir Alexandru"]
[Black "Lutz, Igor Oscar"]
[Result "1-0"]
[WhiteElo "2362"]
[BlackElo "1947"]
[PlyCount "59"]
[EventDate "2023.07.25"]
[EventType "swiss (blitz)"]
[EventRounds "11"]
[EventCountry "USA"]
[SourceTitle "EXT 2024"]
[Source "ChessBase"]
[SourceDate "2023.10.10"]
[SourceVersion "1"]
[SourceVersionDate "2023.10.10"]
[SourceQuality "1"]

1. Nf3 d5 2. b3 c5 3. Bb2 Nc6 4. e3 Nf6 5. Bb5 Bd7 6. h3 a6 7. Bxc6 Bxc6 8. Ne5 Qc7 9. d4 e6 10. Nd2 Bd6 11. Nxc6 Qxc6 12. dxc5 Bxc5 13. 0-0 Be7 14. c4 dxc4 15. Nxc4 Rd8 16. Qe2 0-0 17. Rac1 Qe4 18. Ne5 Rc8 19. f3 Qh4 20. Qd3 Rfd8 21. Rxc8 Rxc8 22. f4 Nd5 23. Kh2 Bf6 24. g3 Qh5 25. g4 Qh4 26. Nf3 Nb4 27. Qe4 Rc2+ 28. Qxc2 Nxc2 29. Nxh4 Bxh4 30. Rc1 1-0